ការប្រៀបធៀបប្រាក់ចំណេញជុលលើគំរូដំាដុះដំណាំនៅតំបន់ទំនាបរំពឹងទឹកភ្លៀង​ និង តំបន់ស្រោចស្រព (comparison of gross margins of cropping pattern under rainfed lowland and irrigated areas) (Record no. 406)

000 -LEADER
fixed length control field 00705nam a22001577a 4500
003 - CONTROL NUMBER IDENTIFIER
control field OSt
005 - DATE AND TIME OF LATEST TRANSACTION
control field 20150914091007.0
008 - FIXED-LENGTH DATA ELEMENTS--GENERAL INFORMATION
fixed length control field 150914b xxu||||| |||| 00| 0 eng d
040 ## - CATALOGING SOURCE
Transcribing agency RUA
082 ## - DEWEY DECIMAL CLASSIFICATION NUMBER
Classification number AGR TEP 2000 B022 Or.1
100 ## - MAIN ENTRY--PERSONAL NAME
9 (RLIN) 427
Personal name TEP, BONANY.
245 ## - TITLE STATEMENT
Title ការប្រៀបធៀបប្រាក់ចំណេញជុលលើគំរូដំាដុះដំណាំនៅតំបន់ទំនាបរំពឹងទឹកភ្លៀង​ និង តំបន់ស្រោចស្រព (comparison of gross margins of cropping pattern under rainfed lowland and irrigated areas)
260 ## - PUBLICATION, DISTRIBUTION, ETC. (IMPRINT)
Place of publication, distribution, etc. Phnom Penh
Name of publisher, distributor, etc. RUA
Date of publication, distribution, etc. 2000
300 ## - PHYSICAL DESCRIPTION
Extent 67p.
Other physical details ill.
Dimensions 29cm.
942 ## - ADDED ENTRY ELEMENTS (KOHA)
Source of classification or shelving scheme
Koha item type AGR
Holdings
Price effective from Date last seen Permanent Location Not for loan Date acquired Source of classification or shelving scheme Koha item type Barcode Lost status Damaged status Shelving location Withdrawn status Current Location Full call number
2015-09-142015-09-14Library Block B 2015-09-14 AGRRUA001826  B022 Library Block BAGR TEP 2000 B022 Or.1
2015-09-142015-09-14Library Block B 2015-09-14 AGRRUA001898  B022 Library Block BAGR TEP 2000 B022 Or.2
2015-09-142015-09-14Library Block B 2015-09-14 AGRRUA001964  B022 Library Block BAGR TEP 2000 B022 Or.3
2015-09-142015-09-14Library Block B 2015-09-14 AGRRUA001676  B022 Library Block BAGR TEP 2000 B022 Or.4
2015-09-142015-09-14Library Block B 2015-09-14 AGRRUA001740  B022 Library Block BAGR TEP 2000 B022 Or.5
2015-09-142015-09-14Library Block B 2015-09-14 AGRRUA001970  B022 Library Block BAGR TEP 2000 B022 Or.6
2015-09-142015-09-14Library Block B 2015-09-14 AGRRUA001682  B022 Library Block BAGR TEP 2000 B022 Or.7
2015-09-142015-09-14Library Block B 2015-09-14 AGRRUA001892  B022 Library Block BAGR TEP 2000 B022 Or.8
មជ្ឈមណ្ឌលឯការនៃសាកលវិទ្យាល័យភូមិន្ទកសិកម្មចំការដូង

Powered by Koha